Statistics for The 1975 - You Lyrics

Click here to take the quiz!

General Stats

  • This quiz has been taken 18 times
  • The average score is 267 of 307

Answer Stats

Answer% Correct
a
100%
all
100%
am
100%
and
100%
And
100%
are
100%
At
100%
at
100%
And
100%
Do
100%
"Do
100%
friends
100%
I
100%
in
100%
least
100%
liar
100%
my
100%
of
100%
so
100%
You
100%
you
100%
your
100%
you're
100%
alive
83%
as
83%
back
83%
been
83%
bit
83%
can
83%
car
83%
cry
83%
dance?
83%
dance
83%
Dance
83%
down
83%
drowned
83%
end
83%
far
83%
harder
83%
I'll
83%
it
83%
It
83%
it's
83%
It's
83%
Just
83%
me
83%
more
83%
More
83%
must
83%
not
83%
party
83%
said
83%
takes
83%
tell
83%
Than
83%
than
83%
That
83%
the
83%
then
83%
to
83%
try
83%
typically
83%
wanna
83%
we're
83%
bar
67%
everybody
67%
fault
67%
fucked
67%
hall?"
67%
here
67%
How
67%
ironic
67%
I've
67%
kissing
67%
only
67%
Yeah
67%
year
67%
beat
33%

Score Distribution

Percentile by Number Answered

Percent of People with Each Score

Your Score History

You have not taken this quiz